[Event "6th Ferdowsi International Chess Open Tournament"]
[Site "Mashhad"]
[Date "2016.02.01"]
[Round "4"]
[Board "2"]
[White "Tiviakov, Sergei"]
[Black "Mosadeghpour, Masoud"]
[Result "1-0"]
[WhiteElo "2611"]
[BlackElo "2475"]
[PlyCount "0"]
[EventDate "2016.01.29"]
[EventRounds "9"]
[EventCountry "IRI"]

1. e4 {[%clk 1:30:58]} e5 {[%clk 1:15:10]} 2. Bc4 {[%clk 1:31:21]} Nf6
{[%clk 1:15:05]} 3. d3 {[%clk 1:31:45]} c6 {[%clk 1:13:58]} 4. Nf3
{[%clk 1:32:08]} Be7 {[%clk 1:14:23]} 5. Bb3 {[%clk 1:31:12]} O-O
{[%clk 1:14:39]} 6. c3 {[%clk 1:31:35]} d6 {[%clk 1:15:05]} 7. h3
{[%clk 1:28:36]} a5 {[%clk 1:14:31]} 8. O-O {[%clk 1:28:44]} b5 {[%clk 1:14:42]}
9. a4 {[%clk 1:28:41]} Nbd7 {[%clk 1:14:54]} 10. Be3 {[%clk 1:27:42]} Ba6
{[%clk 1:13:18]} 11. axb5 {[%clk 1:25:38]} cxb5 {[%clk 1:13:09]} 12. Nbd2
{[%clk 1:26:01]} Qc7 {[%clk 1:02:42]} 13. Re1 {[%clk 1:18:37]} Bb7
{[%clk 1:00:33]} 14. Bc2 {[%clk 0:59:13]} d5 {[%clk 0:58:01]} 15. exd5
{[%clk 0:56:51]} Nxd5 {[%clk 0:57:50]} 16. d4 {[%clk 0:57:11]} exd4
{[%clk 0:49:16]} 17. Bxd4 {[%clk 0:55:53]} N7f6 {[%clk 0:42:38]} 18. Qe2
{[%clk 0:45:03]} Bc6 {[%clk 0:37:49]} 19. Be5 {[%clk 0:31:06]} Bd6
{[%clk 0:33:20]} 20. Bxd6 {[%clk 0:30:58]} Qxd6 {[%clk 0:33:49]} 21. Qe5
{[%clk 0:31:17]} Qxe5 {[%clk 0:22:34]} 22. Nxe5 {[%clk 0:31:13]} Rfc8
{[%clk 0:22:20]} 23. Ne4 {[%clk 0:25:31]} Be8 {[%clk 0:19:50]} 24. Nd6
{[%clk 0:24:25]} Rc7 {[%clk 0:15:05]} 25. Kf1 {[%clk 0:17:47]} a4
{[%clk 0:13:28]} 26. Bd3 {[%clk 0:17:10]} b4 {[%clk 0:08:15]} 27. Nxe8
{[%clk 0:16:20]} Nxe8 {[%clk 0:08:35]} 28. Be4 {[%clk 0:12:51]} Nef6
{[%clk 0:06:55]} 29. cxb4 {[%clk 0:13:11]} Nxe4 {[%clk 0:06:56]} 30. Rxe4
{[%clk 0:13:36]} Re7 {[%clk 0:06:12]} 31. Rd1 {[%clk 0:13:16]} a3
{[%clk 0:06:28]} 32. Ree1 {[%clk 0:06:24]} Nxb4 {[%clk 0:01:55]} 33. bxa3
{[%clk 0:06:47]} Nc2 {[%clk 0:02:20]} 34. Re4 {[%clk 0:03:32]} Nxa3
{[%clk 0:00:39]} 35. Ra4 {[%clk 0:02:52]} Rc8 {[%clk 0:00:32]} 36. Nc6
{[%clk 0:02:36]} Rec7 {[%clk 0:00:32]} 37. Na7 {[%clk 0:01:29]} Rc1
{[%clk 0:00:59]} 38. Re1 {[%clk 0:00:50]} Rxe1+ {[%clk 0:00:34]} 39. Kxe1
{[%clk 0:01:15]} Nc2+ {[%clk 0:00:33]} 40. Kd2 {[%clk 0:01:07]} Rc5
{[%clk 0:01:00]} 41. Nb5 {[%clk 0:01:10]} h5 {[%clk 0:00:53]} 42. Nc3
{[%clk 0:01:14]} Ne1 {[%clk 0:01:22]} 43. Ne4 {[%clk 0:00:48]} Re5
{[%clk 0:01:52]} 44. Kxe1 f5 45. f3 {[%clk 0:01:13]} fxe4 {[%clk 0:02:50]} 46.
fxe4 {[%clk 0:01:37]} Rb5 {[%clk 0:01:02]} 47. Kf2 {[%clk 0:01:59]} Kf7
{[%clk 0:00:54]} 48. Kf3 {[%clk 0:02:22]} Kf6 {[%clk 0:00:47]} 49. h4
{[%clk 0:01:41]} g5 {[%clk 0:00:32]} 50. Ra6+ {[%clk 0:01:33]} Ke5
{[%clk 0:00:34]} 51. hxg5 Rb3+ 52. Kf2 {[%clk 0:02:16]} Kxe4 {[%clk 0:01:20]} 53.
g6 {[%clk 0:02:36]} Kf5 {[%clk 0:00:34]} 54. g7 {[%clk 0:02:50]} Rb8
{[%clk 0:01:03]} 55. Rh6 {[%clk 0:01:39]} Rg8 {[%clk 0:00:36]} 56. Rxh5+
{[%clk 0:02:06]} Kf6 {[%clk 0:00:47]} 57. Rh7 {[%clk 0:02:31]} Kg6
{[%clk 0:00:33]} 58. Rh3 {[%clk 0:02:56]} Kf5 {[%clk 0:00:32]} 59. Rf3+
{[%clk 0:02:04]} Ke6 {[%clk 0:00:42]} 60. Rg3 {[%clk 0:02:27]} Kf5
{[%clk 0:00:32]} 61. Kf3 {[%clk 0:02:52]} Ke5 {[%clk 0:00:32]} 62. Rg5+
{[%clk 0:03:12]} Ke6 {[%clk 0:00:31]} 63. Ke4 Kd5+ 1-0

[Event "6th Ferdowsi International Chess Open Tournament"]
[Site "Mashhad"]
[Date "2016.02.01"]
[Round "4"]
[Board "3"]
[White "Rasulov, Vugar"]
[Black "Grigoryan, Karen H."]
[Result "1/2-1/2"]
[WhiteElo "2493"]
[BlackElo "2602"]
[PlyCount "0"]
[EventDate "2016.01.29"]
[EventRounds "9"]
[EventCountry "IRI"]

1. d4 {[%clk 1:27:21]} Nf6 {[%clk 1:30:35]} 2. c4 {[%clk 1:27:35]} e6
{[%clk 1:30:45]} 3. Nc3 {[%clk 1:27:40]} Bb4 {[%clk 1:31:08]} 4. Nf3
{[%clk 1:27:56]} b6 {[%clk 1:30:54]} 5. e3 {[%clk 1:27:43]} Bb7 {[%clk 1:30:41]}
6. Bd3 {[%clk 1:28:01]} Ne4 {[%clk 1:29:24]} 7. Qc2 {[%clk 1:25:36]} Bxc3+
{[%clk 1:29:44]} 8. bxc3 {[%clk 1:25:59]} f5 {[%clk 1:30:03]} 9. O-O
{[%clk 1:25:39]} O-O {[%clk 1:30:22]} 10. Ne1 {[%clk 1:22:21]} Qh4
{[%clk 1:24:13]} 11. f3 {[%clk 1:22:23]} Ng5 {[%clk 1:24:15]} 12. Qf2
{[%clk 1:19:19]} Qxf2+ {[%clk 1:24:06]} 13. Rxf2 {[%clk 1:19:43]} d6
{[%clk 1:21:37]} 14. Bc2 {[%clk 1:17:54]} Nf7 {[%clk 1:20:34]} 15. Nd3
{[%clk 1:18:16]} Nd7 {[%clk 1:13:42]} 16. Nf4 {[%clk 1:18:08]} Nd8
{[%clk 1:13:54]} 17. a4 {[%clk 1:15:16]} g5 {[%clk 1:10:32]} 18. Nh5
{[%clk 1:13:02]} h6 {[%clk 1:02:42]} 19. h4 {[%clk 1:09:33]} Nf6 {[%clk 1:01:20]}
20. Nxf6+ {[%clk 1:09:47]} Rxf6 {[%clk 1:01:46]} 21. hxg5 {[%clk 1:09:00]} hxg5
{[%clk 1:02:09]} 22. a5 {[%clk 1:09:16]} Nf7 {[%clk 1:00:38]} 23. axb6
{[%clk 1:09:41]} axb6 {[%clk 0:57:44]} 24. Rxa8+ {[%clk 1:06:19]} Bxa8
{[%clk 0:58:06]} 25. Bd3 {[%clk 1:05:41]} e5 {[%clk 0:55:08]} 26. Ra2
{[%clk 1:03:53]} Bb7 {[%clk 0:55:28]} 27. c5 {[%clk 0:58:32]} bxc5
{[%clk 0:54:04]} 28. Rb2 {[%clk 0:57:43]} Nd8 {[%clk 0:50:21]} 29. dxe5
{[%clk 0:56:39]} dxe5 {[%clk 0:50:43]} 30. Rb5 {[%clk 0:57:02]} e4
{[%clk 0:42:02]} 31. fxe4 {[%clk 0:55:53]} Rd6 {[%clk 0:41:54]} 32. Bc4+
{[%clk 0:54:36]} Kg7 {[%clk 0:40:18]} 33. Ba3 {[%clk 0:54:18]} Bxe4
{[%clk 0:40:16]} 34. Bxc5 {[%clk 0:52:37]} Rd2 {[%clk 0:37:21]} 35. Bd4+
{[%clk 0:50:33]} Kf8 {[%clk 0:29:58]} 36. Bf6 {[%clk 0:48:10]} Nb7
{[%clk 0:27:11]} 37. Kf1 {[%clk 0:45:22]} g4 {[%clk 0:23:18]} 38. g3
{[%clk 0:44:20]} Rd6 {[%clk 0:23:07]} 39. Bd4 {[%clk 0:42:21]} Rc6
{[%clk 0:21:57]} 40. Be2 {[%clk 0:41:03]} Rh6 {[%clk 0:21:54]} 41. Be5
{[%clk 0:39:53]} 1/2-1/2

[Event "6th Ferdowsi International Chess Open Tournament"]
[Site "Mashhad"]
[Date "2016.02.01"]
[Round "4"]
[Board "4"]
[White "Ghaem Maghami, Ehsan"]
[Black "Khodashenas, Mersad"]
[Result "1-0"]
[WhiteElo "2594"]
[BlackElo "2393"]
[PlyCount "0"]
[EventDate "2016.01.29"]
[EventRounds "9"]
[EventCountry "IRI"]

1. d4 {[%clk 1:28:42]} Nf6 {[%clk 1:27:24]} 2. c4 {[%clk 1:29:02]} e6
{[%clk 1:27:46]} 3. Nc3 {[%clk 1:29:25]} Bb4 {[%clk 1:28:03]} 4. Qc2
{[%clk 1:29:06]} O-O {[%clk 1:26:35]} 5. Nf3 {[%clk 1:29:29]} d6 {[%clk 1:20:37]}
6. Bg5 {[%clk 1:25:59]} Nbd7 {[%clk 1:19:30]} 7. e3 {[%clk 1:22:13]} e5
{[%clk 1:16:21]} 8. Be2 {[%clk 1:06:30]} c6 {[%clk 1:03:52]} 9. O-O
{[%clk 1:03:09]} Bxc3 {[%clk 1:01:40]} 10. bxc3 {[%clk 1:02:08]} Qe7
{[%clk 0:50:59]} 11. Nd2 {[%clk 0:57:17]} b6 {[%clk 0:48:38]} 12. a4
{[%clk 0:45:59]} c5 {[%clk 0:39:01]} 13. a5 {[%clk 0:36:43]} Bb7 {[%clk 0:33:05]}
14. a6 {[%clk 0:36:16]} Bc8 {[%clk 0:31:58]} 15. Bf3 {[%clk 0:36:18]} Rb8
{[%clk 0:31:46]} 16. Qa4 {[%clk 0:28:03]} h6 {[%clk 0:26:10]} 17. Bh4
{[%clk 0:28:17]} Rd8 {[%clk 0:23:54]} 18. Qc6 {[%clk 0:23:54]} g5
{[%clk 0:22:47]} 19. Bg3 {[%clk 0:24:10]} Nf8 {[%clk 0:21:09]} 20. Rfd1
{[%clk 0:22:30]} Bf5 {[%clk 0:16:23]} 21. Qa4 {[%clk 0:20:36]} Ng6
{[%clk 0:13:39]} 22. Bb7 {[%clk 0:17:55]} Kg7 {[%clk 0:11:52]} 23. e4
{[%clk 0:13:55]} Bd7 {[%clk 0:09:59]} 24. Qc2 {[%clk 0:13:48]} h5
{[%clk 0:07:25]} 25. f3 {[%clk 0:12:31]} h4 {[%clk 0:06:01]} 26. Bf2
{[%clk 0:12:53]} Nf4 {[%clk 0:06:28]} 27. Nf1 {[%clk 0:12:02]} Rh8
{[%clk 0:06:18]} 28. Ne3 {[%clk 0:08:33]} Rbg8 {[%clk 0:06:36]} 29. h3
{[%clk 0:05:32]} Kf8 {[%clk 0:06:49]} 30. dxc5 {[%clk 0:05:03]} bxc5
{[%clk 0:05:01]} 31. Qd2 {[%clk 0:05:10]} Ne8 {[%clk 0:04:36]} 32. Rab1
{[%clk 0:04:05]} Qf6 {[%clk 0:03:45]} 33. Ng4 {[%clk 0:02:48]} Nxh3+
{[%clk 0:03:55]} 34. gxh3 {[%clk 0:02:59]} Qxf3 {[%clk 0:04:23]} 35. Nxe5
{[%clk 0:01:41]} Qxh3 {[%clk 0:03:23]} 36. Nxd7+ {[%clk 0:01:57]} Qxd7
{[%clk 0:03:50]} 37. e5 {[%clk 0:01:59]} Qg4+ {[%clk 0:03:45]} 38. Kh2
{[%clk 0:01:42]} Qf5 {[%clk 0:02:58]} 39. exd6 {[%clk 0:00:48]} g4
{[%clk 0:03:27]} 40. Kg1 {[%clk 0:00:54]} Nf6 {[%clk 0:02:23]} 41. d7
{[%clk 0:00:55]} Kg7 {[%clk 0:02:41]} 42. Rf1 {[%clk 0:01:10]} Qg6
{[%clk 0:00:33]} 43. Bxc5 {[%clk 0:01:17]} Rh5 {[%clk 0:00:32]} 44. Bd4
{[%clk 0:01:02]} Rf5 {[%clk 0:01:00]} 45. Rxf5 {[%clk 0:01:12]} Qxf5
{[%clk 0:01:22]} 46. Rf1 {[%clk 0:01:35]} 1-0

[Event "6th Ferdowsi International Chess Open Tournament"]
[Site "Mashhad"]
[Date "2016.02.01"]
[Round "4"]
[Board "5"]
[White "Darini, Pouria"]
[Black "Gabuzyan, Hovhannes"]
[Result "1-0"]
[WhiteElo "2474"]
[BlackElo "2585"]
[PlyCount "0"]
[EventDate "2016.01.29"]
[EventRounds "9"]
[EventCountry "IRI"]

1. e4 {[%clk 1:28:04]} c5 {[%clk 1:30:58]} 2. Nf3 {[%clk 1:28:24]} d6
{[%clk 1:31:25]} 3. d4 {[%clk 1:28:36]} cxd4 {[%clk 1:31:52]} 4. Nxd4
{[%clk 1:28:57]} Nf6 {[%clk 1:32:19]} 5. Nc3 {[%clk 1:29:14]} a6 {[%clk 1:32:47]}
6. Bg5 {[%clk 1:28:06]} e6 {[%clk 1:33:11]} 7. f4 {[%clk 1:28:25]} Qb6
{[%clk 1:33:38]} 8. Qd2 {[%clk 1:28:07]} Nc6 {[%clk 1:33:44]} 9. Bxf6
{[%clk 1:27:46]} gxf6 {[%clk 1:34:09]} 10. Nb3 {[%clk 1:25:44]} Bd7
{[%clk 1:34:36]} 11. O-O-O {[%clk 1:26:05]} O-O-O {[%clk 1:35:02]} 12. Kb1
{[%clk 1:26:20]} h5 {[%clk 1:35:25]} 13. Be2 {[%clk 1:16:58]} h4 {[%clk 1:35:05]}
14. Qd3 {[%clk 1:17:07]} Kb8 {[%clk 1:34:54]} 15. Rhf1 {[%clk 1:16:43]} Rc8
{[%clk 1:34:50]} 16. Qh3 {[%clk 0:56:43]} Nb4 {[%clk 1:34:24]} 17. Nd2
{[%clk 0:40:45]} f5 {[%clk 1:31:04]} 18. Nc4 {[%clk 0:24:13]} Rxc4
{[%clk 1:30:09]} 19. Bxc4 {[%clk 0:24:42]} fxe4 {[%clk 1:30:30]} 20. Nxe4
{[%clk 0:23:43]} d5 {[%clk 1:24:08]} 21. Qc3 {[%clk 0:19:07]} Rh6
{[%clk 1:24:18]} 22. Nf6 {[%clk 0:10:54]} Bc8 {[%clk 1:20:07]} 23. Bb3
{[%clk 0:08:36]} Nc6 {[%clk 1:20:02]} 24. Ng4 {[%clk 0:07:58]} Rg6
{[%clk 1:20:28]} 25. Ne5 {[%clk 0:04:27]} Rxg2 {[%clk 1:19:17]} 26. Qh3
{[%clk 0:04:56]} Re2 {[%clk 1:19:24]} 27. Qxh4 {[%clk 0:04:49]} a5
{[%clk 1:18:41]} 28. Qh8 {[%clk 0:04:47]} Nxe5 {[%clk 1:18:27]} 29. fxe5
{[%clk 0:04:49]} Bb4 {[%clk 1:10:44]} 30. Qh5 {[%clk 0:04:51]} Rg2
{[%clk 1:05:21]} 31. Rxf7 {[%clk 0:05:04]} Qc6 {[%clk 1:04:00]} 32. a4
{[%clk 0:05:24]} b5 {[%clk 1:04:26]} 33. axb5 {[%clk 0:04:44]} Qxb5
{[%clk 1:04:55]} 34. Qf3 {[%clk 0:03:05]} Rxh2 {[%clk 1:05:18]} 35. Qg3
{[%clk 0:01:02]} Re2 {[%clk 1:02:10]} 36. Rh7 Qb6 {[%clk 0:58:44]} 37. Qg1
{[%clk 0:00:38]} Bc5 {[%clk 0:58:57]} 38. Qg8 {[%clk 0:01:02]} Re4
{[%clk 0:57:23]} 39. Rh8 {[%clk 0:01:15]} Qc6 {[%clk 0:57:50]} 40. c3
{[%clk 0:00:46]} a4 {[%clk 0:57:12]} 41. Bc2 {[%clk 0:01:16]} Rf4
{[%clk 0:57:39]} 42. Qe8 {[%clk 0:00:58]} Qa6 {[%clk 0:55:42]} 43. Bd3
{[%clk 0:01:27]} Qb7 {[%clk 0:56:11]} 44. Qb5 {[%clk 0:00:58]} Bb6
{[%clk 0:48:42]} 45. Rf1 {[%clk 0:01:16]} Rxf1+ {[%clk 0:48:53]} 46. Bxf1
{[%clk 0:01:44]} a3 {[%clk 0:49:22]} 47. bxa3 {[%clk 0:01:53]} d4
{[%clk 0:49:46]} 48. Bg2 {[%clk 0:02:05]} Qc7 {[%clk 0:49:28]} 49. cxd4
{[%clk 0:02:12]} Qa7 {[%clk 0:46:50]} 50. Qc6 {[%clk 0:02:10]} 1-0

[Event "6th Ferdowsi International Chess Open Tournament"]
[Site "Mashhad"]
[Date "2016.02.01"]
[Round "4"]
[Board "6"]
[White "Maletin, Pavel"]
[Black "Grabliauskas, Virginijus"]
[Result "1-0"]
[WhiteElo "2580"]
[BlackElo "2322"]
[PlyCount "0"]
[EventDate "2016.01.29"]
[EventRounds "9"]
[EventCountry "IRI"]

1. Nf3 {[%clk 1:30:56]} c5 {[%clk 1:27:06]} 2. c4 {[%clk 1:31:07]} Nc6
{[%clk 1:27:29]} 3. Nc3 {[%clk 1:31:23]} g6 {[%clk 1:27:49]} 4. e3
{[%clk 1:31:46]} Nf6 {[%clk 1:27:56]} 5. d4 {[%clk 1:32:10]} cxd4
{[%clk 1:27:57]} 6. exd4 {[%clk 1:32:34]} d5 {[%clk 1:28:21]} 7. cxd5
{[%clk 1:32:52]} Nxd5 {[%clk 1:28:45]} 8. Qb3 {[%clk 1:33:06]} e6
{[%clk 1:26:50]} 9. Bb5 {[%clk 1:33:13]} Bg7 {[%clk 1:24:24]} 10. O-O
{[%clk 1:32:35]} O-O {[%clk 1:22:22]} 11. Bxc6 {[%clk 1:32:19]} bxc6
{[%clk 1:22:28]} 12. Na4 {[%clk 1:32:30]} Ba6 {[%clk 1:13:07]} 13. Re1
{[%clk 1:32:57]} Nb6 {[%clk 1:09:25]} 14. Nc5 {[%clk 1:33:23]} Bc4
{[%clk 1:09:37]} 15. Qd1 {[%clk 1:33:30]} Bd5 {[%clk 1:04:40]} 16. Ne5
{[%clk 1:33:56]} Nc4 {[%clk 1:01:33]} 17. Bf4 {[%clk 1:24:03]} Nxe5
{[%clk 0:45:08]} 18. Bxe5 {[%clk 1:20:23]} Qg5 {[%clk 0:34:36]} 19. f3
{[%clk 1:20:15]} Rfd8 {[%clk 0:26:12]} 20. Qe2 {[%clk 1:18:07]} h5
{[%clk 0:23:02]} 21. b3 {[%clk 1:09:56]} a5 {[%clk 0:18:50]} 22. Rac1
{[%clk 1:09:05]} Ra7 {[%clk 0:18:36]} 23. Rc2 {[%clk 1:00:18]} Kh7
{[%clk 0:15:50]} 24. Qf2 {[%clk 0:58:59]} Kg8 {[%clk 0:15:10]} 25. h3
{[%clk 0:51:27]} Kf8 {[%clk 0:13:41]} 26. Rce2 {[%clk 0:51:16]} Kg8
{[%clk 0:12:43]} 27. h4 {[%clk 0:42:12]} Qh6 {[%clk 0:10:00]} 28. Qg3
{[%clk 0:40:56]} Re7 {[%clk 0:08:58]} 29. Kh2 {[%clk 0:37:57]} Ra7
{[%clk 0:09:14]} 30. Bxg7 {[%clk 0:35:07]} Qxg7 {[%clk 0:08:43]} 31. Re5
{[%clk 0:35:31]} Kh7 {[%clk 0:07:13]} 32. Nd3 {[%clk 0:29:02]} a4
{[%clk 0:06:29]} 33. Nf4 {[%clk 0:29:21]} Qh6 {[%clk 0:05:39]} 34. Rg5
{[%clk 0:29:29]} axb3 {[%clk 0:05:41]} 35. axb3 {[%clk 0:29:56]} Bxb3
{[%clk 0:05:46]} 36. Ree5 {[%clk 0:29:29]} Rxd4 {[%clk 0:03:19]} 37. Nxh5
{[%clk 0:25:33]} Ra1 {[%clk 0:02:06]} 38. Re4 {[%clk 0:21:13]} Rxe4
{[%clk 0:00:43]} 39. fxe4 {[%clk 0:21:30]} gxh5 {[%clk 0:00:34]} 40. Qf3
{[%clk 0:19:01]} Ra7 1-0

[Event "6th Ferdowsi International Chess Open Tournament"]
[Site "Mashhad"]
[Date "2016.02.01"]
[Round "4"]
[Board "8"]
[White "Mousavi, Seyed Khalil"]
[Black "Gagunashvili, Merab"]
[Result "1/2-1/2"]
[WhiteElo "2425"]
[BlackElo "2541"]
[PlyCount "0"]
[EventDate "2016.01.29"]
[EventRounds "9"]
[EventCountry "IRI"]

1. d4 {[%clk 1:15:56]} d5 {[%clk 1:30:40]} 2. Nf3 {[%clk 1:13:41]} Nf6
{[%clk 1:31:02]} 3. c4 {[%clk 1:13:36]} e6 {[%clk 1:31:27]} 4. e3
{[%clk 1:13:42]} Be7 {[%clk 1:31:45]} 5. b3 {[%clk 1:12:41]} O-O {[%clk 1:31:26]}
6. Bb2 {[%clk 1:11:16]} c5 {[%clk 1:31:34]} 7. cxd5 {[%clk 1:09:51]} Nxd5
{[%clk 1:29:44]} 8. dxc5 {[%clk 1:05:50]} Bxc5 {[%clk 1:29:31]} 9. Nbd2
{[%clk 1:04:44]} b6 {[%clk 1:20:24]} 10. Be2 {[%clk 1:01:12]} Bb7
{[%clk 1:18:42]} 11. O-O {[%clk 0:59:54]} Nd7 {[%clk 1:18:27]} 12. a3
{[%clk 0:53:10]} a5 {[%clk 1:15:05]} 13. Bb5 {[%clk 0:50:28]} N7f6
{[%clk 1:06:52]} 14. Nd4 {[%clk 0:43:16]} Rc8 {[%clk 1:03:52]} 15. N2f3
{[%clk 0:40:02]} Qe7 {[%clk 0:53:21]} 16. Qe2 {[%clk 0:32:27]} Rfd8
{[%clk 0:43:31]} 17. Rfc1 {[%clk 0:24:22]} Bd6 {[%clk 0:34:53]} 18. Nc6
{[%clk 0:22:19]} Bxc6 {[%clk 0:35:05]} 19. Bxc6 {[%clk 0:22:03]} Rc7
{[%clk 0:34:45]} 20. Rc4 {[%clk 0:16:14]} Rdc8 {[%clk 0:33:54]} 21. Bb5
{[%clk 0:15:10]} Rxc4 {[%clk 0:30:49]} 22. Bxc4 {[%clk 0:14:57]} Bc5
{[%clk 0:30:18]} 23. Ne5 {[%clk 0:14:24]} Ne4 {[%clk 0:23:19]} 24. Bd3
{[%clk 0:11:07]} Nef6 {[%clk 0:14:40]} 25. g3 {[%clk 0:10:25]} Nd7
{[%clk 0:13:27]} 26. Nxd7 {[%clk 0:09:35]} Qxd7 {[%clk 0:13:54]} 27. Rd1
{[%clk 0:08:47]} Qe7 {[%clk 0:12:34]} 28. Qg4 {[%clk 0:08:44]} Nf6
{[%clk 0:12:22]} 29. Qh4 {[%clk 0:07:23]} h6 {[%clk 0:12:30]} 30. a4
{[%clk 0:07:06]} Kf8 {[%clk 0:12:33]} 31. Bc4 {[%clk 0:05:35]} Rd8
{[%clk 0:12:28]} 32. Rxd8+ {[%clk 0:05:20]} Qxd8 {[%clk 0:12:54]} 33. Qf4
{[%clk 0:05:41]} Kg8 {[%clk 0:11:20]} 34. Qf3 {[%clk 0:05:30]} Ne8
{[%clk 0:10:17]} 35. Kg2 {[%clk 0:04:53]} Nf6 {[%clk 0:10:22]} 36. Be5
{[%clk 0:04:20]} Nd7 {[%clk 0:10:34]} 37. Bc3 {[%clk 0:04:32]} Nf6
{[%clk 0:10:33]} 38. Qc6 {[%clk 0:03:44]} Qe7 {[%clk 0:08:38]} 39. Be5
{[%clk 0:02:59]} Qd8 {[%clk 0:07:59]} 40. Qf3 {[%clk 0:02:45]} Nd7
{[%clk 0:07:03]} 41. Bb2 {[%clk 0:02:54]} Nf6 {[%clk 0:06:51]} 42. h4
{[%clk 0:02:42]} Nd7 {[%clk 0:06:30]} 43. Qc6 {[%clk 0:01:27]} Nf6
{[%clk 0:06:38]} 44. Qf3 {[%clk 0:01:52]} Nd7 {[%clk 0:07:01]} 45. Kh3
{[%clk 0:01:52]} Be7 {[%clk 0:06:22]} 46. Kg2 {[%clk 0:01:13]} 1/2-1/2

[Event "6th Ferdowsi International Chess Open Tournament"]
[Site "Mashhad"]
[Date "2016.02.01"]
[Round "4"]
[Board "9"]
[White "Bagheri, Maziar"]
[Black "Bocharov, Dmitry"]
[Result "0-1"]
[WhiteElo "2262"]
[BlackElo "2567"]
[PlyCount "0"]
[EventDate "2016.01.29"]
[EventRounds "9"]
[EventCountry "IRI"]

1. Nf3 {[%clk 1:30:45]} g6 {[%clk 1:30:35]} 2. c4 {[%clk 1:30:52]} Bg7
{[%clk 1:30:39]} 3. d4 {[%clk 1:31:14]} c5 {[%clk 1:30:49]} 4. e4
{[%clk 1:30:33]} d6 {[%clk 1:31:07]} 5. Nc3 {[%clk 1:30:06]} Bg4 {[%clk 1:27:54]}
6. d5 {[%clk 1:27:12]} Nf6 {[%clk 1:27:17]} 7. Be2 {[%clk 1:26:37]} e6
{[%clk 1:27:10]} 8. h3 {[%clk 1:21:10]} Bxf3 {[%clk 1:27:14]} 9. Bxf3
{[%clk 1:20:36]} exd5 {[%clk 1:26:51]} 10. Nxd5 {[%clk 1:20:51]} Nc6
{[%clk 1:24:07]} 11. O-O {[%clk 1:20:02]} Nxd5 {[%clk 1:23:54]} 12. exd5
{[%clk 1:16:41]} Ne5 {[%clk 1:24:10]} 13. Be2 {[%clk 1:17:02]} O-O
{[%clk 1:24:31]} 14. Rb1 {[%clk 1:15:51]} Re8 {[%clk 1:17:51]} 15. Be3
{[%clk 1:13:47]} Qh4 {[%clk 1:14:59]} 16. Qc1 {[%clk 1:06:33]} h6
{[%clk 1:12:57]} 17. a3 {[%clk 1:02:12]} Re7 {[%clk 1:09:15]} 18. b4
{[%clk 0:58:41]} b6 {[%clk 1:09:15]} 19. bxc5 {[%clk 0:55:26]} bxc5
{[%clk 1:08:46]} 20. Rb3 {[%clk 0:55:45]} Rae8 {[%clk 1:08:57]} 21. Kh2
{[%clk 0:55:13]} f5 {[%clk 1:06:40]} 22. g3 {[%clk 0:47:03]} Qf6 {[%clk 1:04:01]}
23. h4 {[%clk 0:46:05]} Nf7 {[%clk 1:01:44]} 24. Kg2 {[%clk 0:42:31]} g5
{[%clk 0:54:23]} 25. hxg5 {[%clk 0:41:28]} hxg5 {[%clk 0:54:03]} 26. Bh5
{[%clk 0:41:30]} Bh6 {[%clk 0:45:47]} 27. Qb1 {[%clk 0:27:37]} Rf8
{[%clk 0:44:19]} 28. f4 {[%clk 0:17:35]} Nh8 {[%clk 0:35:07]} 29. Qa1
{[%clk 0:15:04]} Qxa1 {[%clk 0:12:28]} 30. Rxa1 {[%clk 0:14:55]} g4
{[%clk 0:12:16]} 31. Re1 {[%clk 0:14:31]} Bg7 {[%clk 0:03:31]} 32. Bd2
{[%clk 0:14:10]} Rxe1 {[%clk 0:03:14]} 33. Bxe1 {[%clk 0:14:39]} Kh7
{[%clk 0:03:34]} 34. Rb7 {[%clk 0:10:41]} Kh6 {[%clk 0:03:18]} 35. Rxa7
{[%clk 0:10:42]} Bd4 {[%clk 0:03:08]} 36. a4 {[%clk 0:11:07]} Kxh5
{[%clk 0:02:13]} 37. a5 {[%clk 0:11:36]} Rb8 {[%clk 0:01:34]} 38. Rd7
{[%clk 0:11:34]} Rb1 {[%clk 0:01:13]} 39. Re7 {[%clk 0:09:16]} Ra1
{[%clk 0:01:28]} 40. Kf1 {[%clk 0:07:40]} Bc3 {[%clk 0:01:32]} 41. Kf2
{[%clk 0:08:09]} Ra2+ {[%clk 0:01:07]} 42. Kf1 {[%clk 0:08:19]} Bxe1
{[%clk 0:01:04]} 43. Kxe1 {[%clk 0:08:47]} Kg6 {[%clk 0:01:23]} 44. Re6+
{[%clk 0:09:02]} Kg7 {[%clk 0:01:41]} 45. Rxd6 {[%clk 0:07:22]} Rxa5
{[%clk 0:02:04]} 46. Rc6 {[%clk 0:07:43]} Nf7 {[%clk 0:02:24]} 47. Ke2
{[%clk 0:06:49]} Ra2+ {[%clk 0:02:29]} 48. Kf1 {[%clk 0:06:18]} Ra3
{[%clk 0:02:21]} 49. Kg2 {[%clk 0:03:50]} Rc3 {[%clk 0:02:37]} 50. Rxc5
{[%clk 0:04:02]} Nd6 {[%clk 0:02:58]} 51. Rc7+ {[%clk 0:04:18]} Kf8
{[%clk 0:02:56]} 52. c5 {[%clk 0:04:41]} Ne4 {[%clk 0:03:14]} 53. c6
{[%clk 0:04:34]} Rxg3+ {[%clk 0:03:31]} 54. Kh2 {[%clk 0:04:46]} Rc3
{[%clk 0:02:31]} 55. Ra7 {[%clk 0:00:37]} Rc2+ {[%clk 0:02:14]} 56. Kg1
{[%clk 0:01:00]} Nf6 {[%clk 0:01:20]} 57. c7 {[%clk 0:00:32]} Ne8
{[%clk 0:01:33]} 0-1

[Event "6th Ferdowsi International Chess Open Tournament"]
[Site "Mashhad"]
[Date "2016.02.01"]
[Round "4"]
[Board "10"]
[White "Mousavi Jad, Sajad"]
[Black "Chigaev, Maksim"]
[Result "0-1"]
[WhiteElo "2066"]
[BlackElo "2526"]
[PlyCount "0"]
[EventDate "2016.01.29"]
[EventRounds "9"]
[EventCountry "IRI"]

1. e4 {[%clk 1:29:36]} c5 {[%clk 1:30:25]} 2. Nc3 {[%clk 1:28:41]} a6
{[%clk 1:30:10]} 3. a4 {[%clk 1:21:38]} Nc6 {[%clk 1:30:05]} 4. f4
{[%clk 1:21:49]} e6 {[%clk 1:29:57]} 5. Nf3 {[%clk 1:21:22]} d5 {[%clk 1:30:11]}
6. d3 {[%clk 1:21:26]} Nf6 {[%clk 1:22:20]} 7. g3 {[%clk 1:16:00]} d4
{[%clk 1:16:22]} 8. Ne2 {[%clk 1:05:28]} e5 {[%clk 1:15:41]} 9. Bg2
{[%clk 1:03:53]} Bd6 {[%clk 1:15:54]} 10. O-O {[%clk 1:03:38]} Bd7
{[%clk 1:16:04]} 11. c3 {[%clk 0:53:51]} O-O {[%clk 1:09:48]} 12. c4
{[%clk 0:37:38]} Ng4 {[%clk 1:07:46]} 13. h3 {[%clk 0:32:35]} Ne3
{[%clk 1:08:08]} 14. Bxe3 {[%clk 0:32:59]} dxe3 {[%clk 1:08:32]} 15. fxe5
{[%clk 0:32:20]} Nxe5 {[%clk 1:07:13]} 16. Nf4 {[%clk 0:32:35]} Nxf3+
{[%clk 1:06:48]} 17. Rxf3 {[%clk 0:30:01]} Be5 {[%clk 1:06:16]} 18. Qe2
{[%clk 0:26:38]} Qb6 {[%clk 0:58:58]} 19. Rb1 {[%clk 0:22:58]} Bxa4
{[%clk 0:59:20]} 20. Nd5 {[%clk 0:22:48]} Qd6 {[%clk 0:59:42]} 21. Nxe3
{[%clk 0:19:37]} Bxg3 {[%clk 0:58:15]} 22. Nf5 {[%clk 0:19:57]} Bh2+
{[%clk 0:58:39]} 23. Kh1 {[%clk 0:20:24]} Qc7 {[%clk 0:59:02]} 24. b4
{[%clk 0:18:19]} b6 {[%clk 0:58:42]} 25. bxc5 {[%clk 0:14:36]} bxc5
{[%clk 0:59:07]} 26. Rb7 {[%clk 0:14:45]} Qxb7 {[%clk 0:58:36]} 27. Kxh2
{[%clk 0:14:58]} Qc7+ {[%clk 0:55:13]} 28. Rg3 {[%clk 0:13:47]} Qe5
{[%clk 0:54:02]} 29. Qe3 {[%clk 0:07:09]} Kh8 {[%clk 0:53:31]} 30. Nh4
{[%clk 0:05:52]} Bd1 {[%clk 0:48:43]} 31. Qg1 {[%clk 0:02:54]} Bh5
{[%clk 0:48:16]} 32. Bf3 {[%clk 0:01:50]} g5 {[%clk 0:47:14]} 33. Nf5
{[%clk 0:00:32]} Bxf3 {[%clk 0:47:37]} 34. Qe3 {[%clk 0:00:31]} Bh5
{[%clk 0:47:59]} 35. Qxg5 {[%clk 0:00:41]} Rg8 {[%clk 0:48:02]} 36. Qxh5
{[%clk 0:00:00]} 0-1